=LDR 00000nam 2200000 4500 =001 INLIS000000000015866 =005 20210215090717 =035 ##$$a 0010-061300000015866 =008 210215################g##########0#ind## =041 ##$$a Ind =082 ##$$a 338.109 598 =090 ##$$a 338.109 598, Wes m =100 ##$$a Westenberg, Hans =245 1#$$a Mencapai pertanian yang lebih baik : $b Gagasan-gagasan Hans Westenberg mengenai pertanian rakyat di Indonesia /$c Hans Westenberg =260 ##$$a Jakarta :$b Yayasan Obor Indonesia,$c 1992 =300 ##$$a xi, 228 hlm. ; $c 21 x 14,5 cm. =650 #4$$a Pertanian-Indonesia-Aspek Ekonomi =850 ##$$a NBPNMAT =020 ##$$a 979-461-100-X =084 ##$$a 338.109 598 WES m =250 ##$$a cet. 1 =990 ##$$a 55.268/pro93 =990 ##$$a 55.271/pro93 =990 ##$$a 55.269/pro-93